[Event "World Blitz 2025"]
[Site "Doha QAT"]
[Date "2025.12.29"]
[Round "6.81"]
[White "Zhang, Zhong"]
[Black "Al Hosani, Omran"]
[Result "0-1"]
[WhiteTitle "GM"]
[BlackTitle "IM"]
[WhiteElo "2561"]
[BlackElo "2340"]
[WhiteFideId "8600694"]
[BlackFideId "9308733"]
[EventDate "2025.12.29"]

1. e4 e6 2. d4 d5 3. Nd2 Nc6 4. Ngf3 Nf6 5. e5 Nd7 6. Bb5 Be7 7. Nb3 f6 8. O-O
fxe5 9. Bxc6 bxc6 10. Na5 O-O 11. Nxc6 Qe8 12. Ncxe5 Nxe5 13. Nxe5 c5 14. dxc5
Bxc5 15. Be3 Bd6 16. Bd4 a5 17. Re1 Rf5 18. Qg4 h5 19. Qe2 Ba6 20. Qe3 Rc8 21.
c3 a4 22. Rad1 Rb8 23. Rd2 a3 24. b4 Bb5 25. f4 Rc8 26. Rf2 h4 27. g4 hxg3 28.
hxg3 Bxe5 29. Bxe5 Qg6 30. Bd4 Re8 31. Rh2 Bc4 32. Be5 Rh5 33. Qf2 Rxh2 34. Qxh2
Kf7 35. Qf2 Rh8 36. Qg2 Rh5 37. Rd1 Rh6 38. Re1 Rh5 39. Rd1 Kg8 40. Bd4 Rf5 41.
Re1 Rh5 42. Rd1 Qg4 43. Re1 Rh3 44. Kf2 Qh5 45. Kg1 Qg4 46. Kf2 Bd3 47. Rg1 Qe2# 0-1

[Event "World Blitz 2025"]
[Site "Doha QAT"]
[Date "2025.12.29"]
[Round "6.82"]
[White "Saraci, Nderim"]
[Black "Berend, Fred"]
[Result "1-0"]
[WhiteTitle "IM"]
[BlackTitle "IM"]
[WhiteElo "2461"]
[BlackElo "2213"]
[WhiteFideId "6351921"]
[BlackFideId "4000102"]
[EventDate "2025.12.29"]

1. Nf3 Nf6 2. b3 g6 3. Bb2 Bg7 4. d4 O-O 5. e3 c5 6. dxc5 Qa5+ 7. c3 Qxc5 8. Ba3
Qa5 9. Bxe7 Re8 10. Bxf6 Bxf6 11. Qd2 d5 12. Be2 Nc6 13. Nd4 Ne5 14. O-O Bd7 15.
a4 Rac8 16. Rc1 a6 17. Qb2 h5 18. Nd2 Qc7 19. c4 dxc4 20. Nxc4 Nc6 21. Bf3 Nxd4
22. exd4 Qf4 23. Rd1 Be6 24. Rac1 Red8 25. Bxb7 Rb8 26. Bxa6 Bxd4 27. Qa2 Ba7
28. Bb5 Rd5 29. Ne3 Bxe3 30. fxe3 Qxe3+ 31. Qf2 Qxb3 32. Rxd5 Qxd5 33. h3 Qd6
34. Rc6 Qb4 35. Qe3 Qb3 36. Qe5 Rd8 37. Kh2 h4 38. Qf4 Qb2 39. Qxh4 Bd5 40.
Qxd8+ 1-0

[Event "World Blitz 2025"]
[Site "Doha QAT"]
[Date "2025.12.29"]
[Round "6.83"]
[White "Fandi, Mazen"]
[Black "Can, Emre"]
[Result "1/2-1/2"]
[WhiteTitle "FM"]
[BlackTitle "GM"]
[WhiteElo "2304"]
[BlackElo "2541"]
[WhiteFideId "7611625"]
[BlackFideId "6302181"]
[EventDate "2025.12.29"]

1. e4 c5 2. Nf3 d6 3. d4 cxd4 4. Nxd4 Nf6 5. Nc3 Nc6 6. f3 g6 7. Be3 h5 8. Bc4
Bd7 9. Qd2 Nxd4 10. Bxd4 Bh6 11. Qd3 a6 12. O-O Bg7 13. Nd5 O-O 14. Nxf6+ exf6
15. Rad1 b5 16. Bd5 Rc8 17. c3 Bc6 18. Be3 Qe7 19. Bf4 Rfd8 20. Kh1 Qb7 21. Bb3
a5 22. a3 b4 23. axb4 axb4 24. c4 Bf8 25. Rf2 Bd7 26. Rfd2 f5 27. Bxd6 fxe4 28.
Qxe4 Qxe4 29. fxe4 Bg4 30. c5 Bxd1 31. Rxd1 Bxd6 32. cxd6 Rc5 33. h3 Re5 34. Rd4
Kg7 35. d7 Kf6 36. Ba4 Ke7 37. Rxb4 h4 38. Rc4 Ra5 39. b3 Rg5 40. Kh2 Rg3 41.
Rc5 f6 42. Rc4 g5 43. Rc5 Re3 44. Rc4 Re1 45. Rd4 Rc1 46. Rd5 Ke6 47. Rd4 Rc3
48. Rb4 Rd3 49. Rc4 Rd2 50. Rc8 Ke7 51. Rc4 Rf8 52. Rc8 Rd8 53. Rc4 Re2 54. Rd4
Rc2 55. Rb4 Rf8 56. Rd4 Rc5 57. Rb4 Rc3 58. Rd4 Rc5 59. Rb4 f5 60. exf5 Rcxf5
61. Re4+ Kf7 62. Re8 Rd5 63. Re3 Kg7 64. Re8 Rd2 65. Rc8 Kf7 66. Re8 Kg7 67. Rc8
Rd1 68. Bb5 Rd2 69. Re8 Rd5 70. Bc6 Rd6 71. Bb5 Rd1 72. Rc8 Rd5 73. Re8 Rd6 74.
Rc8 Rd4 75. Re8 1/2-1/2

[Event "World Blitz 2025"]
[Site "Doha QAT"]
[Date "2025.12.29"]
[Round "6.84"]
[White "Mendonca, Leon Luke"]
[Black "Sindarov, Islombek"]
[Result "1/2-1/2"]
[WhiteTitle "GM"]
[BlackTitle "CM"]
[WhiteElo "2615"]
[BlackElo "2129"]
[WhiteFideId "35028561"]
[BlackFideId "14205475"]
[EventDate "2025.12.29"]

1. d4 Nf6 2. Nf3 g6 3. e3 Bg7 4. b4 O-O 5. Bb2 d6 6. c4 Nbd7 7. Be2 b6 8. O-O
Bb7 9. a4 a5 10. b5 Qe8 11. Nbd2 e5 12. dxe5 dxe5 13. Nb3 Qe6 14. Qc2 c5 15.
bxc6 Bxc6 16. Rfd1 Rfd8 17. Ng5 Qe8 18. h3 Rac8 19. Nf3 Ne4 20. Nfd2 Ndc5 21.
Nxc5 Nxc5 22. Nf3 Bxa4 23. Rxd8 Rxd8 24. Qc3 Bc6 25. Qa3 Bxf3 26. Bxf3 Rd3 27.
Qa2 Rd2 28. Qb1 Rxb2 29. Qxb2 e4 30. Qxb6 Bxa1 31. Qxc5 exf3 32. Qxa5 Bf6 33.
gxf3 Qc8 34. Qb6 Be7 35. Kg2 Qxc4 36. Qb8+ Bf8 37. Qe5 Qe6 38. Qd4 Be7 39. Qa4
Bf8 40. Qd4 Qf5 41. Qd8 h6 42. Qa8 Qg5+ 43. Kf1 Qc5 44. Kg2 Kh7 45. Qe8 Qe7 46.
Qc6 Bg7 47. Qa8 Qg5+ 48. Kf1 Qb5+ 49. Kg2 Qd7 50. Qe4 Bf6 51. Qc4 Qe7 52. Qd5
Bh4 53. Qc4 Kg7 54. Qd4+ Qf6 55. Qc4 Qg5+ 56. Kf1 Qe7 57. Kg2 Bf6 58. Qd5 Qe5
59. Qc4 Qb2 60. Qd5 Bc3 61. Qd1 Bd2 62. Qe2 Qc2 63. Kf1 h5 64. Kg2 Qc1 65. Qd3
Bc3 66. Qc4 Qb2 67. Kf1 Qa1+ 68. Kg2 Be1 69. Qe2 Qc1 70. Kf1 Bc3+ 71. Kg2 Bf6
72. Qd3 Qb2 73. Qc4 Bg5 74. Qe4 Qf6 75. Qd5 Bh4 76. Qe4 g5 77. Qc2 Qe5 78. Qa2
Qc3 79. Kf1 Qb4 80. Kg2 g4 81. hxg4 hxg4 82. fxg4 Qxg4+ 83. Kf1 Qf3 84. Qb2+ Bf6
85. Qc2 Bh4 86. Qb2+ f6 87. Qc2 Qh3+ 88. Kg1 Kh6 89. Qe2 f5 90. Qc2 Bf6 91. Qc6
Qg4+ 92. Kf1 Kg5 93. Qe6 Qe4 94. Qg8+ Kh6 95. Qf8+ Bg7 96. Qf7 Qd3+ 97. Kg2 Qe4+
98. Kf1 Qg4 99. Qe6+ Qg6 100. Qd5 Qh5 101. Qe6+ Kh7 102. Kg2 Qg4+ 103. Kf1 Qh3+
104. Kg1 Kh8 105. Qe8+ Kh7 106. Qe6 Bc3 107. Qd7+ Bg7 1/2-1/2

[Event "World Blitz 2025"]
[Site "Doha QAT"]
[Date "2025.12.29"]
[Round "6.109"]
[White "Gharibyan, Mamikon"]
[Black "Abdilkhair, Abilmansur"]
[Result "1-0"]
[WhiteTitle "GM"]
[BlackTitle "IM"]
[WhiteElo "2491"]
[BlackElo "2378"]
[WhiteFideId "13308300"]
[BlackFideId "13716417"]
[EventDate "2025.12.29"]

1. d4 Nf6 2. c4 g6 3. Nc3 d5 4. cxd5 Nxd5 5. e4 Nxc3 6. bxc3 Bg7 7. Be3 c5 8.
Qd2 O-O 9. Rc1 b6 10. Nf3 Bb7 11. Bd3 Nd7 12. e5 Rc8 13. O-O Qc7 14. Qe2 Rfd8
15. Ng5 Nf8 16. f4 c4 17. Bb1 f6 18. Ne4 f5 19. Ng5 Qd7 20. h3 Ne6 21. Nf3 b5
22. a3 Nc7 23. Kh2 e6 24. g4 Qe7 25. Rg1 Nd5 26. Bd2 fxg4 27. hxg4 Bh6 28. f5
Bxd2 29. Qxd2 Rf8 30. Be4 Nb4 31. axb4 Bxe4 32. f6 Qb7 33. Ng5 Bd5 34. Ra1 Rc6
35. Nh3 Ra6 36. Qh6 Rf7 37. Ng5 Rd7 38. Rgf1 Rxa1 39. Rxa1 Bf3 40. Rf1 Qa6 41.
Rxf3 Qa2+ 42. Kg3 Qb1 43. Kg2 Qc2+ 44. Rf2 Qd1 45. Qh3 h6 46. f7+ Rxf7 47. Nxf7 1-0

[Event "World Blitz 2025"]
[Site "Doha QAT"]
[Date "2025.12.29"]
[Round "6.110"]
[White "Dudin, Gleb"]
[Black "Ashwath Kaushik"]
[Result "0-1"]
[WhiteTitle "GM"]
[BlackTitle "FM"]
[WhiteElo "2585"]
[BlackElo "2345"]
[WhiteFideId "34184934"]
[BlackFideId "33387230"]
[EventDate "2025.12.29"]

1. Nf3 d5 2. b3 Nf6 3. Bb2 e6 4. g3 Be7 5. Bg2 O-O 6. O-O c5 7. c4 d4 8. b4 Nc6
9. b5 Nb8 10. e3 dxe3 11. fxe3 a6 12. a4 axb5 13. axb5 Rxa1 14. Bxa1 b6 15. Ne5
Qc7 16. Qf3 Bd6 17. Nc6 Nxc6 18. bxc6 e5 19. Nc3 Be6 20. d3 Ra8 21. Nb5 Qe7 22.
Bc3 e4 23. Qd1 exd3 24. Qxd3 Rd8 25. Bxf6 gxf6 26. Bd5 Be5 27. Qe4 Bh3 28. Rd1
f5 29. Qd3 Bf6 30. Kf2 Bg5 31. Ra1 Re8 32. Ra3 Qe5 33. Qd2 Bf6 34. c7 Rc8 35.
Ra8 Rxa8 36. Bxa8 f4 37. exf4 Qa1 38. Bb7 Qf1+ 39. Ke3 Qg1+ 40. Kd3 Bf5+ 41. Be4
Qb1+ 42. Ke3 Qxe4+ 43. Kf2 Bg4 44. Qe3 Qc2+ 45. Ke1 Qd1+ 46. Kf2 Bd4 47. Nxd4
Qxd4 48. Qxd4 cxd4 49. Ke1 Kf8 50. Kd2 Ke7 51. Kd3 Kd7 52. Kxd4 Kxc7 53. Ke5 Be6
54. Kf6 Bxc4 0-1

[Event "World Blitz 2025"]
[Site "Doha QAT"]
[Date "2025.12.29"]
[Round "6.111"]
[White "Phuyal, Aashish"]
[Black "Ezat, Mohamed"]
[Result "1-0"]
[BlackTitle "IM"]
[WhiteElo "1955"]
[BlackElo "2294"]
[WhiteFideId "12312649"]
[BlackFideId "10600906"]
[EventDate "2025.12.29"]

1. e4 c6 2. d4 d5 3. e5 c5 4. dxc5 e6 5. Nf3 Nd7 6. a3 Nxc5 7. b4 Nd7 8. Bd3 a5
9. b5 Nc5 10. Be2 Ne7 11. O-O a4 12. Bb2 Bd7 13. Nbd2 g6 14. c4 Bg7 15. cxd5
Nxd5 16. Nc4 O-O 17. Nd6 b6 18. Bc4 Nc7 19. Qe2 Qe7 20. Rfd1 h6 21. Nd4 Qh4 22.
Rac1 Ne8 23. Nf3 Qe7 24. Rd2 Nb3 25. Bxb3 axb3 26. Rcd1 Nxd6 27. exd6 Qe8 28.
Bxg7 Kxg7 29. Qe5+ Kg8 30. Qe3 Kh7 31. Qxb3 Ra5 32. a4 Qa8 33. Rd4 Rc8 34. Ne5
Qa7 35. Nxf7 Bxb5 36. d7 Rf8 37. axb5 Ra1 38. h4 Rxd1+ 39. Qxd1 Qc7 40. d8=Q Qc5
41. Qxf8 Qxf8 42. Rd7 Kg8 43. Qd6 Qg7 44. Nxh6+ Qxh6 45. Qb8+ 1-0

[Event "World Blitz 2025"]
[Site "Doha QAT"]
[Date "2025.12.29"]
[Round "6.112"]
[White "Grafl, Florian"]
[Black "Alhassadi, Yousef A."]
[Result "1-0"]
[WhiteTitle "IM"]
[BlackTitle "FM"]
[WhiteElo "2343"]
[BlackElo "2098"]
[WhiteFideId "4645715"]
[BlackFideId "9204725"]
[EventDate "2025.12.29"]

1. Nc3 d5 2. d4 Nf6 3. Bg5 e6 4. e4 Be7 5. e5 Nfd7 6. h4 h6 7. Bxe7 Qxe7 8. Qg4
O-O 9. O-O-O a6 10. f4 f5 11. exf6 Nxf6 12. Qf3 c5 13. dxc5 Qxc5 14. g4 e5 15.
Nxd5 Nxg4 16. Nh3 Nc6 17. Rg1 Nd4 18. Qc3 Qxc3 19. bxc3 Nc6 20. Nb6 Rb8 21. Nxc8
Ne3 22. Nb6 Nxd1 23. Bc4+ Kh8 24. Rxd1 Rbd8 25. Nd7 Rfe8 26. f5 Re7 27. Be6 g6
28. Nf2 gxf5 29. Bxf5 Rf7 30. Ng4 Rxf5 31. Nxh6 Rf2 32. h5 Kh7 33. Ng4 Rf7 34.
Ndf6+ Kh8 35. Rg1 1-0

[Event "World Blitz 2025"]
[Site "Doha QAT"]
[Date "2025.12.29"]
[Round "6.113"]
[White "Chekh Adm Khedr, Aram"]
[Black "Aziz, Husain"]
[Result "1-0"]
[WhiteTitle "FM"]
[BlackTitle "IM"]
[WhiteElo "2139"]
[BlackElo "2256"]
[WhiteFideId "7601948"]
[BlackFideId "12100293"]
[EventDate "2025.12.29"]

1. e4 c6 2. b3 d5 3. Bb2 dxe4 4. Nc3 Bf5 5. Qe2 Nf6 6. h3 h5 7. O-O-O e6 8. f3
exf3 9. Nxf3 Nbd7 10. Nh4 Bh7 11. g4 Nd5 12. Nf5 Qa5 13. a4 O-O-O 14. Nxd5 exf5
15. Ne7+ Bxe7 16. Qxe7 fxg4 17. hxg4 hxg4 18. Bxg7 Rhe8 19. Qxf7 Be4 20. Rh5 Qb4
21. Bc3 Qa3+ 22. Bb2 Qa2 23. Be2 g3 24. Bg4 Kb8 25. Bxd7 Rf8 26. Qe6 Bf3 27. Rf5
Bxd1 28. Rxf8 Rxf8 29. Qd6+ 1-0

[Event "World Blitz 2025"]
[Site "Doha QAT"]
[Date "2025.12.29"]
[Round "6.114"]
[White "Bodemar, Jonathan"]
[Black "Suleymenov, Alisher"]
[Result "0-1"]
[WhiteTitle "CM"]
[BlackTitle "GM"]
[WhiteElo "2154"]
[BlackElo "2505"]
[WhiteFideId "6205488"]
[BlackFideId "13707833"]
[EventDate "2025.12.29"]

1. e4 e5 2. Nf3 Nc6 3. Bc4 Nf6 4. Ng5 d5 5. exd5 Na5 6. Bb5+ Bd7 7. Qe2 Be7 8.
O-O O-O 9. Bxd7 Qxd7 10. d3 Nxd5 11. Qxe5 Rfe8 12. Qg3 Nb4 13. Na3 Nac6 14. Be3
Bf6 15. c3 Nxd3 16. Rad1 Qf5 17. Rd2 Nde5 18. Rfd1 Ng4 19. Nh3 Nxe3 20. fxe3 Qc5
21. Nc2 Ne5 22. Nd4 Nc4 23. Re2 Rad8 24. Rde1 Nd6 25. Nf2 Qc4 26. a3 c5 27. Nf3
Ne4 28. Nxe4 Qxe4 29. Qf4 h6 30. h3 b6 31. Kf2 a5 32. Nd2 Rxd2 33. Rxd2 Qxf4+
34. exf4 Bh4+ 35. g3 Bxg3+ 36. Kxg3 Rxe1 37. Rd8+ Kh7 38. Rd6 Re6 39. Rd7 Kg6
40. Kf3 Kf6 41. Rd8 h5 42. Rd7 g6 43. Rd8 Ke7 44. Rb8 Kd7 45. Rb7+ Ke8 46. Rb8+
Ke7 47. Rb7+ Kf6 48. Rd7 Rc6 49. Rd8 Ke7 50. Rb8 Rd6 51. Ke3 Ke6 52. Ke4 Kf6 53.
a4 Ke7 54. Rb7+ Ke6 55. Rb8 Kf6 56. Rb7 Re6+ 57. Kf3 Kg7 58. Rd7 Kf8 59. Rb7 Rd6
60. Ke3 Ke8 61. Rb8+ Kd7 62. Rb7+ Ke6 63. Ke4 Rc6 64. Rb8 f5+ 65. Ke3 Kd5 66.
Kd3 c4+ 67. Ke3 Re6+ 68. Kf3 Kc5 69. Rc8+ Rc6 70. Rb8 Rd6 71. Ke3 Rd3+ 72. Kf2
Rxh3 73. Rc8+ Kd5 74. Kg2 Rh4 75. Kg3 Rg4+ 76. Kf3 h4 77. Rd8+ Kc6 78. Rc8+ Kb7
79. Re8 Rg3+ 80. Kf2 Rd3 81. Re7+ Ka6 82. Rh7 h3 83. Ke2 Rg3 84. Kf2 Rg2+ 85.
Kf3 Rxb2 86. Rxh3 Rc2 87. Rh6 Rxc3+ 88. Kf2 Ra3 89. Rxg6 Rxa4 90. Rf6 c3 91. Ke3
Rc4 0-1

[Event "World Blitz 2025"]
[Site "Doha QAT"]
[Date "2025.12.29"]
[Round "6.115"]
[White "Harshavardhan, G B"]
[Black "Damaj, Mohammed"]
[Result "1-0"]
[WhiteTitle "IM"]
[BlackTitle "CM"]
[WhiteElo "2477"]
[BlackElo "2119"]
[WhiteFideId "25059009"]
[BlackFideId "11501731"]
[EventDate "2025.12.29"]

1. e4 g6 2. d4 Bg7 3. Nc3 d5 4. Nxd5 c6 5. Ne3 Qxd4 6. Qxd4 Bxd4 7. Nf3 Bg7 8.
Bc4 Nf6 9. e5 Ne4 10. b3 a5 11. a4 Na6 12. Bb2 Nb4 13. O-O O-O 14. Rad1 h5 15.
h3 Bh6 16. Rfe1 Nc5 17. Nd4 Bf4 18. Nf1 h4 19. Ba3 Re8 20. c3 Nba6 21. e6 f6 22.
Nd2 Bd6 23. N2f3 Kg7 24. Nxh4 Rh8 25. Nhf3 Nc7 26. Bc1 Rh5 27. h4 Rh8 28. g4 Rb8
29. h5 Ra8 30. hxg6 Kxg6 31. Kg2 b6 32. Re2 Bb7 33. Nf5 b5 34. Bd3 Nxd3 35. Rxd3
bxa4 36. Nxd6 exd6 37. Rxd6 Nd5 38. bxa4 Rad8 39. Rxd8 Rxd8 40. Bd2 Ba6 41. Re1
Re8 42. Kg3 Rd8 43. Nh4+ Kh7 44. Nf5 Re8 45. c4 Bc8 46. cxd5 cxd5 47. e7 Bxf5
48. gxf5 Kg7 49. Bxa5 Kf7 50. Bb4 Rg8+ 51. Kf3 d4 52. e8=Q+ Rxe8 53. Rxe8 Kxe8
54. Ke4 1-0

[Event "World Blitz 2025"]
[Site "Doha QAT"]
[Date "2025.12.29"]
[Round "6.116"]
[White "Anand, Tsogtbileg"]
[Black "Tissir, Mohamed"]
[Result "1-0"]
[WhiteTitle "CM"]
[BlackTitle "IM"]
[WhiteElo "1968"]
[BlackElo "2293"]
[WhiteFideId "4926552"]
[BlackFideId "9000240"]
[EventDate "2025.12.29"]

1. d4 d6 2. c4 Nf6 3. Nc3 g6 4. g3 Bg7 5. Bg2 O-O 6. Nf3 a6 7. O-O Nc6 8. b3 Rb8
9. a4 Bg4 10. Bb2 Nd7 11. d5 Bxf3 12. Bxf3 Na5 13. Qc2 c5 14. Ne4 Bxb2 15. Qxb2
Qb6 16. Rab1 Qc7 17. Nc3 Rbc8 18. h4 Nf6 19. Ne4 Nd7 20. h5 Rb8 21. h6 f6 22.
Ng5 Ne5 23. Ne6 Qd7 24. Qc3 b6 25. Bg2 Rfc8 26. f4 Nf7 27. Bh3 Nxh6 28. Ng5 Ng4
29. Ne6 Nh6 30. e4 Re8 31. Rbe1 Nb7 32. g4 Nf7 33. g5 Nbd8 34. gxf6 exf6 35.
Qxf6 Nh6 36. f5 Qe7 37. Qxe7 Rxe7 38. fxg6 hxg6 39. Rf8+ Kh7 40. Rxd8 Rxd8 41.
Nxd8 Re8 42. Ne6 g5 43. Bf5+ Kg8 44. Kf2 b5 45. axb5 axb5 46. Rg1 Nf7 47. cxb5
Rb8 48. e5 dxe5 49. Bd3 e4 50. Bc4 Ra8 51. Ke3 Nd6 52. Rxg5+ Kf7 53. Rg1 Ra3 54.
Kf4 Kf6 55. b6 Ra2 56. Rg8 Rf2+ 57. Ke3 Rf3+ 58. Ke2 Nf5 59. b7 Nd4+ 1-0

[Event "World Blitz 2025"]
[Site "Doha QAT"]
[Date "2025.12.29"]
[Round "6.117"]
[White "Dinham, James"]
[Black "Musovic, Armin"]
[Result "0-1"]
[BlackTitle "FM"]
[WhiteElo "2091"]
[BlackElo "2190"]
[WhiteFideId "14327023"]
[BlackFideId "939935"]
[EventDate "2025.12.29"]

1. Nf3 g5 2. Nxg5 Nf6 3. d4 Rg8 4. Nf3 d5 5. g3 c5 6. c3 Nc6 7. Bg2 Bf5 8. Qb3
Qb6 9. dxc5 Qa6 10. Na3 Ne4 11. Qb5 e6 12. Qxa6 bxa6 13. Nd4 Rc8 14. Nxf5 exf5
15. Be3 f4 16. Bxf4 Bxc5 17. e3 Bxa3 18. bxa3 Na5 19. O-O Nxc3 20. Bf3 Nc4 21.
Rac1 Nd2 22. Kg2 Nxf1 23. Kxf1 Ke7 24. h4 Ne4 25. Rd1 Rc5 26. Be5 Rgc8 27. Bg4
Rc1 28. Bxc8 Rxd1+ 29. Ke2 Rd2+ 30. Ke1 Rxa2 31. Bxa6 Nxf2 32. Bd4 Ne4 33. Bb7
Kd6 34. g4 Rxa3 35. g5 Ra2 36. Bc8 a5 37. Bf5 Rh2 38. Bxh7 Rxh4 39. g6 fxg6 40.
Bxg6 Rg4 41. Bf5 Rg5 42. Bc8 a4 43. Bb2 Rg1+ 0-1

[Event "World Blitz 2025"]
[Site "Doha QAT"]
[Date "2025.12.29"]
[Round "6.118"]
[White "Khayat, Emad"]
[Black "Muntean, Victor"]
[Result "1-0"]
[WhiteElo "1927"]
[BlackElo "2169"]
[WhiteFideId "21518076"]
[BlackFideId "1054414"]
[EventDate "2025.12.29"]

1. d4 d6 2. Nf3 Nf6 3. g3 g6 4. Bg2 Bg7 5. O-O O-O 6. Nc3 Nc6 7. d5 Nb8 8. a4 c5
9. e4 b6 10. Re1 Bb7 11. e5 dxe5 12. Nxe5 Qc7 13. Bf4 Qc8 14. Qd2 Rd8 15. Rad1
e6 16. d6 Bxg2 17. Kxg2 Nbd7 18. Qe2 Qb7+ 19. Qf3 Qxf3+ 20. Kxf3 Rac8 21. Re2
Ne8 22. Nc4 Bxc3 23. bxc3 Ndf6 24. h4 Nd5 25. Bd2 Nxd6 26. Ne5 a6 27. c4 Ne7 28.
Bg5 f6 29. Bxf6 Rf8 30. Rxd6 Rxf6+ 31. Kg2 b5 32. axb5 axb5 33. cxb5 Nd5 34. Nc6
Kf7 35. Rd7+ Kg8 36. c4 Rc7 37. Rd8+ Kf7 38. cxd5 exd5 39. Rxd5 h5 40. Rxc5 Rd7
41. Rce5 Rd3 42. Re7+ Kg8 43. Ra7 Rf8 44. Ree7 Rc8 45. Red7 Rxd7 46. Rxd7 Kf8
47. Rh7 1-0

[Event "World Blitz 2025"]
[Site "Doha QAT"]
[Date "2025.12.29"]
[Round "6.119"]
[White "Assylov, Miras"]
[Black "Alkhuriji, Abdulaziz N"]
[Result "1-0"]
[WhiteTitle "FM"]
[WhiteElo "2393"]
[BlackElo "1972"]
[WhiteFideId "13728873"]
[BlackFideId "21525919"]
[EventDate "2025.12.29"]

1. b3 e5 2. Bb2 Nc6 3. c4 Nf6 4. e3 Be7 5. d3 O-O 6. Nf3 d6 7. Be2 Re8 8. O-O
Be6 9. a3 a5 10. d4 e4 11. Nfd2 d5 12. Nc3 Qd7 13. cxd5 Bxd5 14. Rc1 Bf8 15. Bb5
Rad8 16. Nc4 Qf5 17. Qe2 Re6 18. Nd2 Qg6 19. Nxd5 Rxd5 20. Bc4 Rg5 21. f4 exf3
22. Nxf3 Rxe3 23. Qxe3 Rxg2+ 24. Kh1 Rxb2 25. Rg1 Qh5 26. Rg2 Rxg2 27. Kxg2 Bd6
28. Qg5 h6 29. Qxh5 1-0

[Event "World Blitz 2025"]
[Site "Doha QAT"]
[Date "2025.12.29"]
[Round "6.120"]
[White "Ammar, Sedrani"]
[Black "Dahal, Sushrut"]
[Result "1-0"]
[WhiteTitle "FM"]
[BlackTitle "CM"]
[WhiteElo "2203"]
[BlackElo "2037"]
[WhiteFideId "9312331"]
[BlackFideId "12303275"]
[EventDate "2025.12.29"]

1. d4 Nf6 2. Bg5 e6 3. e3 d5 4. Bd3 c5 5. c3 Nc6 6. f4 h6 7. Bh4 Be7 8. Nd2 Qb6
9. Rb1 Bd7 10. Ngf3 cxd4 11. exd4 Na5 12. O-O Bb5 13. Bxb5+ Qxb5 14. Ne5 Nc4 15.
a4 Qa6 16. Ndxc4 dxc4 17. f5 exf5 18. Rxf5 O-O 19. Bxf6 Bxf6 20. Nd7 Rfe8 21.
Nxf6+ gxf6 22. Qg4+ Kf8 23. Rbf1 Re6 24. Qh4 Ke7 25. Qxh6 Rg8 26. d5 Qb6+ 27.
Kh1 Qxb2 28. g3 Rd6 29. Rxf6 Rg6 30. Rxf7+ 1-0

[Event "World Blitz 2025"]
[Site "Doha QAT"]
[Date "2025.12.29"]
[Round "6.121"]
[White "Nainys, Zanas"]
[Black "AlJamaat, Khaled"]
[Result "1-0"]
[WhiteElo "2307"]
[BlackElo "1719"]
[WhiteFideId "12844098"]
[BlackFideId "12102415"]
[EventDate "2025.12.29"]

1. d4 Nf6 2. c4 e6 3. Bg5 d5 4. Nf3 Nbd7 5. cxd5 exd5 6. Nc3 c6 7. e3 h6 8. Bf4
Be7 9. h3 O-O 10. Bd3 Re8 11. O-O Nf8 12. Bh2 Bd6 1-0

[Event "World Blitz 2025"]
[Site "Doha QAT"]
[Date "2025.12.29"]
[Round "6.122"]
[White "George Samir, David"]
[Black "Ahmad, Saif"]
[Result "1-0"]
[WhiteTitle "IM"]
[WhiteElo "2343"]
[BlackElo "1567"]
[WhiteFideId "10657789"]
[BlackFideId "12102709"]
[EventDate "2025.12.29"]

1. e4 c5 2. Nf3 g6 3. d4 cxd4 4. Qxd4 Nf6 5. e5 Nc6 6. Qf4 Nd5 7. Qe4 Nb6 8. Nc3
Bg7 9. Bf4 O-O 10. h4 d5 11. exd6 exd6 12. Be3 d5 13. Qf4 d4 14. O-O-O dxc3 15.
Rxd8 cxb2+ 16. Kb1 Rxd8 17. Bd3 1-0

[Event "World Blitz 2025"]
[Site "Doha QAT"]
[Date "2025.12.29"]
[Round "6.123"]
[White "Blackwood, Ryan"]
[Black "Sharan, Rao"]
[Result "0-1"]
[BlackTitle "IM"]
[WhiteElo "1945"]
[BlackElo "2341"]
[WhiteFideId "7400640"]
[BlackFideId "5073464"]
[EventDate "2025.12.29"]

1. e4 e6 2. Nf3 d5 3. exd5 exd5 4. d4 Bd6 5. c4 dxc4 6. Bxc4 Nf6 7. O-O O-O 8.
Bg5 c6 9. Nbd2 Bg4 10. Re1 Nbd7 11. Qb3 Nb6 12. Ne5 Nxc4 13. Ndxc4 Bc8 14. Re3
Be7 15. Rae1 Nd5 16. Bxe7 Nxe7 17. Nxf7 Rxf7 18. Ne5 Nd5 19. Nxf7 Kxf7 20. Re5
h6 21. Qf3+ Nf6 22. Qb3+ Kf8 23. h3 Rb8 24. Qa3+ Kg8 25. Qxa7 Bd7 26. Re7 Qc7
27. Qc5 Rf8 28. a3 Qc8 29. Qd6 Bf5 30. Rc7 Ne8 31. Rxc8 Nxd6 32. Rxf8+ Kxf8 33.
Re5 Bg6 34. d5 Be8 35. dxc6 Bxc6 36. Re6 Nc4 37. Re2 Kf7 38. Rc2 Ne5 39. b4 Ke6
40. Rc5 Nd3 41. Rc3 Nf4 42. Rg3 Ne2+ 43. Kh2 Nxg3 44. Kxg3 Kd5 45. f3 Kc4 46.
Kf4 Kb3 47. Kf5 Be8 48. Ke6 Kxa3 49. Ke7 Bb5 50. Kf7 g5 51. Kg6 Kxb4 0-1

[Event "World Blitz 2025"]
[Site "Doha QAT"]
[Date "2025.12.29"]
[Round "6.124"]
[White "Al Mashikhi, Salim Aliyan"]
[Black "Alsaqer, Meshal"]
[Result "0-1"]
[WhiteTitle "FM"]
[WhiteElo "1952"]
[BlackElo "1853"]
[WhiteFideId "22000046"]
[BlackFideId "10301771"]
[EventDate "2025.12.29"]

1. e4 e6 2. Nc3 d5 3. exd5 exd5 4. d4 Nf6 5. Nf3 Bg4 6. Bb5+ c6 7. Be2 Bd6 8.
O-O O-O 9. Bg5 Nbd7 10. Re1 Qc7 11. h3 Bh5 12. Bxf6 Nxf6 13. Ne5 Bxe2 14. Rxe2
Rfe8 15. Nf3 Bb4 16. Qd3 Bxc3 17. bxc3 Rxe2 18. Qxe2 Re8 19. Qd3 h6 20. Ne5 Qa5
21. c4 dxc4 22. Qxc4 Nd5 23. Qb3 Qc3 24. Rd1 Qxb3 25. axb3 f6 26. Nf3 Kf7 27. c4
Nf4 28. Kf1 g5 29. Ng1 f5 30. g3 Ng6 31. Ne2 Kf6 32. Nc3 Rd8 33. d5 f4 34. Ne4+
Kf5 35. Nc5 b6 36. Nb7 Rd7 37. g4+ Kf6 38. Re1 cxd5 39. cxd5 Rxb7 40. Re6+ Kf7
41. Rc6 Rd7 42. d6 Ne5 43. Rc8 Rxd6 44. Ke2 Ke6 45. Re8+ Kd5 46. Re7 a5 47. Rc7
b5 48. Ra7 Kc5 49. Rxa5 Kb4 50. Ra8 Kxb3 51. Re8 Nc4 52. Kf3 Rd3+ 53. Kg2 b4 54.
Re6 Rd6 55. Re8 Kc3 56. Kf3 b3 57. Re1 b2 58. h4 b1=Q 59. Rxb1 Nd2+ 60. Ke2 Nxb1
61. f3 Na3 62. hxg5 hxg5 63. Kf2 Rd2+ 64. Ke1 Kd3 0-1

[Event "World Blitz 2025"]
[Site "Doha QAT"]
[Date "2025.12.29"]
[Round "6.125"]
[White "Fates, Omer Salah"]
[Black "Al-Janahi, Ibrahim"]
[Result "0-1"]
[WhiteElo "2079"]
[BlackElo "1656"]
[WhiteFideId "9212035"]
[BlackFideId "12102385"]
[EventDate "2025.12.29"]

1. e4 c5 2. Nf3 g6 3. d4 cxd4 4. Nxd4 Bg7 5. c3 Nc6 6. Be3 Nf6 7. Nd2 d6 8. Be2
O-O 9. O-O Bd7 10. Kh1 a5 11. f4 Nxd4 12. Bxd4 Bc6 13. Bf3 Rc8 14. Qe2 Qd7 15.
Qf2 b5 16. Rad1 Bb7 17. Rfe1 b4 18. cxb4 axb4 19. Nb3 Qa4 20. e5 Bxf3 21. Qxf3
dxe5 22. fxe5 Nd7 23. h3 Qc6 24. Qxc6 Rxc6 25. Re2 Ra8 26. Ra1 Rca6 27. a3 bxa3
28. bxa3 Rxa3 29. Rxa3 Rxa3 30. Nc5 Nxc5 31. Bxc5 Ra5 32. Bxe7 Rxe5 33. Rxe5
Bxe5 34. Kg1 Kg7 35. Kf2 f5 36. Ke2 Kf7 37. Bg5 Bf6 38. Bd2 Ke6 39. Kd3 Kd5 40.
Be3 g5 41. Bd2 f4 42. Bc1 Ke5 43. Bb2+ Kf5 44. Bc1 h5 45. Ke2 g4 46. Kd3 Be5 47.
Ke2 Ke4 48. Bd2 f3+ 49. Kf1 Bf4 50. Be1 Ke3 51. Bf2+ Ke4 52. Be1 Be3 53. Bg3 Bd4
54. Be1 Kf4 55. Bd2+ Be3 56. Be1 g3 57. gxf3 Kxf3 58. Bxg3 Kxg3 59. h4 Bf2 60.
Ke2 Bd4 61. Kf1 Kh2 62. Ke2 Bf6 63. Kf3 Bxh4 64. Kf4 Bg3+ 65. Kf3 h4 66. Ke2 Kg2
67. Ke3 h3 0-1